000 00540nam a22001937a 4500
005 20251108170045.0
008 250721s1986 xx 000 0 ara d
082 1 4 _aق/بو
100 1 _aبو، أدغار ألن
245 1 0 _aالقط الأسود وقصص أخرى /
250 _aط2
264 1 _aبيروت :
_bدار الأداب،
_c1986.
300 _a194ص
650 1 7 _aالأدب القصصي
650 1 7 _aالأدب المترجم
700 1 _aسعيد، خالدة
_eترجمة
942 _2ddc
_cBK
999 _c38606
_d38606